000
00303nam a22001457a 4500
003
SGT
082
_a
363.209 54,VEN
100
_a
VENKATESJS,P.
245
_a
POLICE DIARIES
250
_a
4TH
260
_a
ALLAHABAD
_b
PREMIER
_c
2015
300
_a
1811
650
_a
POLICE DIARIES
942
_2
ddc
_c
BK
_0
3
999
_c
10328
_d
10328